Britannia: or, The Kingdom of England and dominion of Wales, actually survey'd (Record no. 113756)

MARC details
000 -LEADER
fixed length control field 01169cam a22001935a 4500
001 - CONTROL NUMBER
control field L155689
008 - FIXED-LENGTH DATA ELEMENTS--GENERAL INFORMATION
fixed length control field 120402s1698 xxk f 000 0 eng d
035 ## - SYSTEM CONTROL NUMBER
System control number (Sirsi) u155689
041 0# - LANGUAGE CODE
Language code of text/sound track or separate title eng
100 1# - MAIN ENTRY--PERSONAL NAME
Personal name Ogilby, John
Dates associated with a name 1600-1676
245 00 - TITLE STATEMENT
Title Britannia: or, The Kingdom of England and dominion of Wales, actually survey'd
Remainder of title with a geographical and historical description of the principal roads; explain'd by one hundred maps on copper-plates. With the ichnography, or draught of the several cities, chief towns, &c. And a view of the churches, houses, and places of note on the road . Also an account of the most remarkable passages of antiquity relating to them, and of their present state. By John Ogilby, Esq; cosmographer to King Charles the Second
260 ## - PUBLICATION, DISTRIBUTION, ETC.
Place of publication, distribution, etc. London
Name of publisher, distributor, etc. printed for Abel Swall, at the Unicorn in Pater-noster-row, and Robert Morden, at the Atlas in Corn-hill
Date of publication, distribution, etc. M DC XCVIII [1698]
300 ## - PHYSICAL DESCRIPTION
Extent [4], 48 p., 100 leaves of plates
Other physical details ill., tables
Dimensions 2o
520 ## - SUMMARY, ETC.
Summary, etc. Includes 100 numbered maps (plates).
583 0# - ACTION NOTE
Action Condition reviewed
Time/date of action 20120620
Status condition level 2
651 #4 - SUBJECT ADDED ENTRY--GEOGRAPHIC NAME
Geographic name Great Britain
Chronological subdivision 1707-
690 ## - LOCAL SUBJECT ADDED ENTRY--TOPICAL TERM (OCLC, RLIN)
Topical term or geographic name as entry element Measurement
9 (RLIN) 6256
942 ## - ADDED ENTRY ELEMENTS (KOHA)
Suppress in OPAC 0
Holdings
Withdrawn status Lost status Source of classification or shelving scheme Damaged status Not for loan Home library Current library Shelving location Date acquired Total Checkouts Full call number Barcode Date last seen Copy number Price effective from Koha item type
    Dewey Decimal Classification     Historic collection Historic collection Historic collection 02/04/2012   FOLIO 1698 OGILBY 30075948 06/08/2019 1 06/08/2019 Book